| 000 | 00344nam a2200145Ia 4500 | ||
|---|---|---|---|
| 008 | 150201s2004 xx 000 0 und d | ||
| 082 |
_a616.07 _bO2004S |
||
| 100 | _aSHAFER | ||
| 245 | 2 | _aA TEXT BOOK OF ORAL PATHOLOGY | |
| 250 | _a4TH | ||
| 260 |
_bELSEVIER _aDELHI _c2004 |
||
| 300 | _a1-917 | ||
| 650 | _aORAL PATHOLOGY | ||
| 942 |
_2ddc _cBK _03 |
||
| 999 |
_c2966 _d2966 |
||